Statistics for US Airport ID Quiz

Click here to take the quiz!

General Stats

  • This quiz has been taken 17 times
  • The average score is 11 of 16

Answer Stats

Answer% Correct
BOS/KBOS
90%
LAS/KLAS
90%
SFO/KSFO
90%
ATL/KATL
80%
DEN/KDEN
80%
LAX/KLAX
80%
MDW/KMDW
80%
LGA/KLGA
70%
ORD/KORD
70%
SEA/KSEA
70%
JFK/KJFK
60%
MCI/KMCI
60%
DTW/KDTW
50%
IAH/KIAH
50%
PDX/KPDX
50%
SLC/KSLC
40%

Score Distribution

Percentile by Number Answered

Percent of People with Each Score

Your Score History

You have not taken this quiz